header

Sound and healthy environment in hotels (Record no. 880)

MARC details
000 -LEADER
fixed length control field 01191nam a2200313 a 4500
100 1# - MAIN ENTRY--AUTHOR NAME
Personal name Betty, Gilbert.
245 10 - TITLE STATEMENT
Title Sound and healthy environment in hotels
250 ## - EDITION STATEMENT
Edition statement 1st ed.
260 ## - PUBLICATION, DISTRIBUTION, ETC. (IMPRINT)
Place of publication Chandni Chowk, Delhi :
Name of publisher Global Media,
Year of publication 2009.
300 ## - PHYSICAL DESCRIPTION
Number of Pages 1 v. (unpaged) :
Other physical details ill. (chiefly col.)
500 ## - GENERAL NOTE
General note Cover title.
650 #0 - SUBJECT ADDED ENTRY--TOPICAL TERM
Topical Term Food
Topical Term Food handling
Topical Term Food industry and trade
Topical Term Hotels
856 40 - ELECTRONIC LOCATION AND ACCESS
Uniform Resource Identifier http://site.ebrary.com/lib/rucke/Doc?id=10287997

No items available.

© 2026 Rongo University
Contact us: librarian | system librarian | Rongo university